000 00381nam a2200145Ia 4500
008 230917s9999||||xx |||||||||||||| ||und||
040 _e8614
_aMAIN
041 _aEnglish
082 _a327.11209 Q38O
100 _aQuester, George H
245 0 _aOffence and diffence in the international system
260 _aNew York
_bJohn Wiley
_c1977
300 _axii, 219 p.
942 _cBK
999 _c172270
_d172270